000 00499nam a2200169Ia 4500
003 OSt
005 20201222104355.0
008 190216s9999||||xx |||||||||||||| ||und||
040 _coclc
082 _a894.8121
_bUNI/A
100 _aUniversity, Calicut
_9635
245 0 _aAdhunika Kavitha /
_cCalicut University
260 _bUniversity Of Calicut,
_c1982.
_aCalicut:
300 _a36p
650 _aMalayalam Kavitha
942 _cBK
_2ddc
_h894.8121
_iUNI/A
_k894.8121
_mUNI/A
999 _c25484
_d25484